Hazratbal : (Record no. 125406)
[ view plain ]
| 000 -LEADER | |
|---|---|
| fixed length control field | 00896nam a22002777a 4500 |
| 003 - CONTROL NUMBER IDENTIFIER | |
| control field | dpl |
| 005 - DATE AND TIME OF LATEST TRANSACTION | |
| control field | 20180810130359.0 |
| 008 - FIXED-LENGTH DATA ELEMENTS--GENERAL INFORMATION | |
| fixed length control field | 180810b xxu||||| |||| 00| 0 eng d |
| 010 ## - LIBRARY OF CONGRESS CONTROL NUMBER | |
| LC control number | A-936155 |
| 020 ## - INTERNATIONAL STANDARD BOOK NUMBER | |
| Terms of availability | 00.00 |
| International Standard Book Number | 818587011 |
| 035 #h - SYSTEM CONTROL NUMBER | |
| System control number | A-936155, A-936159 |
| 037 ## - SOURCE OF ACQUISITION | |
| Source of stock number/acquisition | Cen Lib/Ret |
| 040 ## - CATALOGING SOURCE | |
| Original cataloging agency | DPL |
| Language of cataloging | EN |
| Transcribing agency | 0 |
| 082 ## - DEWEY DECIMAL CLASSIFICATION NUMBER | |
| Classification number | 270.8 |
| Item number | GAU |
| 100 ## - MAIN ENTRY--PERSONAL NAME | |
| Personal name | Gauhar, G. N |
| 9 (RLIN) | 14225 |
| 245 ## - TITLE STATEMENT | |
| Title | Hazratbal : |
| Statement of responsibility, etc | by G. N. Gauhar |
| Remainder of title | the central stage of kashmir politics / |
| 246 ## - VARYING FORM OF TITLE | |
| Remainder of title | |
| 260 ## - PUBLICATION, DISTRIBUTION, ETC. (IMPRINT) | |
| Place of publication, distribution, etc | New Delhi |
| Name of publisher, distributor, etc | Virgo Publications |
| Date of publication, distribution, etc | 1998 |
| 270 ## - ADDRESS | |
| Address | L-67A, Malviya Nagar |
| City | New Delhi |
| Postal code | 110017 |
| 300 ## - PHYSICAL DESCRIPTION | |
| Extent | 268p. |
| Dimensions | 20cm(Hb) |
| 650 ## - SUBJECT ADDED ENTRY--TOPICAL TERM | |
| Topical term or geographic name as entry element | Political science |
| 9 (RLIN) | 14226 |
| 650 ## - SUBJECT ADDED ENTRY--TOPICAL TERM | |
| Topical term or geographic name as entry element | India--Jammu and Kashmir |
| 9 (RLIN) | 14227 |
| 650 ## - SUBJECT ADDED ENTRY--TOPICAL TERM | |
| Topical term or geographic name as entry element | भारतीय अर्थव्यवस्था |
| 9 (RLIN) | 3593 |
| 650 ## - SUBJECT ADDED ENTRY--TOPICAL TERM | |
| Topical term or geographic name as entry element | औद्योगिक नीति |
| 9 (RLIN) | 14228 |
| 942 ## - ADDED ENTRY ELEMENTS (KOHA) | |
| Source of classification or shelving scheme | Dewey Decimal Classification |
| Koha item type | English Books |
| Classification part | 270.8 |
| Call number suffix | GAU |
| Withdrawn status | Lost status | Damaged status | Not for loan | Home library | Current library | Date acquired | Source of acquisition | Cost, normal purchase price | Total Checkouts | Full call number | Barcode | Date last seen | Copy number | Cost, replacement price | Price effective from | Koha item type | Public note | Source of classification or shelving scheme | Collection code |
|---|---|---|---|---|---|---|---|---|---|---|---|---|---|---|---|---|---|---|---|
| Written off | Central Library | Central Library | 20/06/2015 | Cen Lib/Ret | 0.00 | 270.8 GAU | A-936155 | 20/06/2015 | 1 | 0.00 | 20/06/2015 | English Books | W/d list no. 6836/23 | ||||||
| Shahdara Branch | Shahdara Branch | 10/08/2018 | BPPD/PUB | 450.00 | 270.8 GAU | A-936159 | 10/08/2018 | 450.00 | 10/08/2018 | English Books | Dewey Decimal Classification | Non-fiction |
